تراث التسترى الصوفى : (Record no. 7523)
[ view plain ]
| 000 -الفاتح | |
|---|---|
| حقل البيانات ثابتة الطول | 00595nac a22001571u 4500 |
| 008 - عناصر البيانات ثابتة الطول - معلومات عامة | |
| حقل البيانات ثابتة الطول | 080901s1974uar||||r000 000 0dara d |
| 082 ## - رقم تصنيف ديوى العشرى | |
| رقم التصنيف | 269.92 |
| رقم المادة | ج ع ف |
| 245 ## - بيان العنوان | |
| العنوان | تراث التسترى الصوفى : |
| بقية العنوان | دراسة وتحقيق / |
| بيان المسئوليه,etc | محمد كمال ابراهيم جعفر . |
| 260 ## - PUBLICATION, DISTRIBUTION, ETC. (IMPRINT) | |
| مكان الناشر او الموزع | القاهرة : |
| اسم الناشر او الموزع | مكتبة الشباب, |
| تاريخ النشر أو التوزيع | [1975] |
| 300 ## - الوصف المادى | |
| التعداد | 2 مج؛ |
| أبعاد الوعاء | 24 سم . |
| 504 ## - تبصرة ببليوجرافية | |
| تبصرة ببليوجرافية,الخ | يشتمل على إرجاعات ببليوجرافية |
| 511 ## - | |
| -- | Catalogued by: Sara |
| 541 ## - تبصرة المصدر المباشر للتزويد | |
| مصدر التزويد | الف باء |
| طريقة التزويد | شراء |
| 650 ## - المدخل الاضافى بالموضوع-مصطلح موضوعى | |
| 9 (RLIN) | 8297 |
| مصطلح موضوعي أو اسم جغرافي كعنصر مدخل | التصوف. |
| 942 ## - عناصر المدخل الإضافي( كوها) | |
| Koha [default] item type | Book - Borrowing |
| سابقة رقم الطلب | 269.92 ج ع ف |
| مصدر التصنيف او مخطط الترفيف | Dewey Decimal Classification |
| حالة التراجع | حالة الفقد | مصدر التصنيف او خطة الترفيف | حالة تلف | ليس للاعارة | مجموعات كوها | المكان الدائم | المكان الحالي | موقع الترفيف | تاريخ الاكتساب | Source of acquisition | رقم الاستدعاء | الباركود | Date last seen | نوع الوعاء |
|---|---|---|---|---|---|---|---|---|---|---|---|---|---|---|
| Dewey Decimal Classification | Alef-Baa | Central Library | Central Library | Lower Floor | 10/08/2010 | 269.92 ج ع ف | 000009122 | 15/07/2025 | Book - Borrowing |